Cantar de Roldán

Gardado en:
Detalles Bibliográficos
Formato: Libro
Idioma:Lingua castelá
Publicado: Santiago Ercilla 1985
Series:Biblioteca Ercilla, 30
Subjects:
Tags: Engadir etiqueta
Sen Etiquetas, Sexa o primeiro en etiquetar este rexistro!

MARC

LEADER 00000nam a2200000 a 4500
001 UCQ0774
003 CL-VaPUC
008 980703e19850000CL |||||||||||||||||spa|d
082 0 4 |a 841  |b CAN  |2 21 
245 1 0 |a Cantar de Roldán 
300 |a 141 p 
942 |c BK 
945 |d 19980703 00:00:00  |a lriquelm 
260 |a Santiago  |b Ercilla  |c 1985 
650 7 |a POESIAS EPICAS FRANCESAS  |2 CL-VaPUC  |9 267209 
650 0 |a Literatura francesa  |9 266330 
583 |a last modification  |c 19980703 00:00:00  |k Rodrigo Vera 
490 0 |a Biblioteca Ercilla, 30 
999 |c 271807  |d 271805 
952 |0 0  |1 0  |4 0  |6 841_000000000000000_CAN_1985  |7 0  |8 A  |9 306574  |a BIBEDU  |b BIBEDU  |d 2019-11-20  |i 1431021  |o 841 CAN 1985  |p 1431021  |r 2019-11-20  |w 2019-11-20  |y BK  |k LIT 
952 |0 0  |1 0  |4 0  |6 841_000000000000000_CAN_1985  |7 0  |8 A  |9 306575  |a BIBEDU  |b BIBEDU  |d 2019-11-20  |i 1431072  |l 1  |o 841 CAN 1985  |p 1431072  |r 2024-03-19  |s 2024-03-12  |w 2019-11-20  |y BK  |k LIT